00513nam a2200157Ia 4500003000900000008004100009020001800050040001600068080001800084100002300102245013800125260004800263300001500311650001300326650001600339IN-BaIIA211028s9999 xx 000 0 eng d a0-521-39426-0 cIIA Library a524.6-34bSAS aSaslaw, William C. 4aThe distribution of the galaxiesbgravitational clustering in cosmologycWilliam C. Saslaw  aCambridgebCambridge University Pressc2000 axii, 508p. aGalaxies aGravitation